000 00515nam a2200217Ia 4500
003 OSt
005 20221005120117.0
006 a|||||r|||| 00| 0
007 ta
008 221004b |||||||| |||| 00| 0 mar d
024 _a40430
037 _cTextual
040 _aCRL
_cCRL
_bmar
041 _2mar
_amar
082 _aR66vk75,1, 155A
245 0 _aDeepratnakar
300 _a224p.
_ccm.
650 _aPHILOSOPHY
942 _hR66vk75,1, 155A
_cTEXL
_2cc
999 _c1036910
_d1036910